Heilige Hedwig
| Titel: | Heilige Hedwig : Ohne Ansehen von Nation und Stand / Robert Żurek |
|---|---|
| Verfasser: | |
| Beteiligt: | |
| In: |
Deutsch-polnische Erinnerungsorte ; 2. Geteilt, gemeinsam, (2014), Seite 427-440 alle Artikel anzeigen |
| Veröffentlicht: | 2014 |
| Format: | Aufsatz |
| Sprache: | Deutsch |
X
alg: 41767902
001A $03025:10-10-17
001B $01999:10-10-17 $t22:45:24.000
001C $03025:10-10-17 $t16:26:31.000
001D $03025:10-10-17
001U $0utf8
001X $00
002@ $0Aou
002C $aText $btxt $2rdacontent
002D $aohne Hilfsmittel zu benutzen $bn $2rdamedia
002E $aBand $bnc $2rdacarrier
003@ $0417679025
007A $0417679025 $aHEB
010@ $ager
010E $erda
011@ $a2014
021A $aHeilige Hedwig $dOhne Ansehen von Nation und Stand $hRobert Żurek
028A $BVerfasser $#Zurek, Robert $#Zurek, Robert $4aut $7130285099 $8Żurek, Robert$Z1970- [Tp1] $9160482372
028C $BÜbersetzer $4trl $7 $8Such, Isabella [Tnd] $9154391085
031A $h427-440 $j2014
039B $aEnthalten in $8--Afu--. Deutsch-polnische Erinnerungsorte ; 2. Geteilt, gemeinsam. - Paderborn {[u.a.] : Schöningh, 2014. - 732 S.. - Ill.. - ISBN 978-3-506-77339-5 $x201400000000000573 $9299792242
044K $RHeinrich $RHeinrich $RMechthild $#Hedwig $#Hedwig $#Hedwig $#Hedwig $#Hedwige $#Hedvigis $#Hedvigis $#Hedwig $#Jadwiga $#Hedwig $#Hedwigis $#Hedwig $#Hedvika Slezská $#Jadwiga Śląska $7118547631 $8$PHedwig$lSchlesien, Herzogin, Heilige$Z1174-1243 [Tp1] $9086888668
044K $RHeilige $RSchutzpatron $#Patrona Schutzpatronin $#Patronin Schutzpatronin $#Weibliche Schutzheilige $74552226-1 $8Schutzpatronin [Ts1] $9089492714
044K $RVerehrung $#Saints Cult $#Saints Culte $#Santos cristianos Culto $#Hagiodulie $#Heiligenkult $#Heiliger Verehrung $74024052-6 $8Heiligenverehrung [Ts1] $908505979X
044K $RDeutsches Sprachgebiet $RDeutschland $RDeutschland $#Deutsche Länder $#Germany Deutschland $#Heiliges Römisches Reich $#Rheinbund $#Deutscher Bund $#Norddeutscher Bund $#Deutsches Reich $#Deutschland Gebiet unter Alliierter Besatzung $#Deutschland Bundesrepublik, 1990- $#BRD 1990- $#Federal Republic of Germany Deutschland $#Republic of Germany Deutschland $#Allemagne Deutschland $#Ǧumhūrīyat Almāniyā al-Ittiḥādīya $#Bundesrepublik Deutschland 1990- $#BRD $#Niemcy $#République Fédérale d'Allemagne Deutschland $#Repubblica Federale di Germania Deutschland $#Germanija $#Federativnaja Respublika Germanija $#FRG $#Deyizhi-Lianbang-Gongheguo $74011882-4 $8Deutschland [Tg1] $9085025550
044K $RKongresspolen $RWestgalizien $#Generalgouvernement Polen $#Polska $#Rzeczpospolita Polska $#Polska Rzeczpospolita Ludowa $#Poland $#Pologne $#République Polonaise $#Generalne Gubernatorstwo w Polsce $#Polish People's Republic $#Polska Rzeczpospolita Polen $#PRL $#RP $#Polen Generalgouvernement $#Polska Generalgouvernement $#Besetzte Polnische Gebiete $#Besetztes Gebiet in Polen $#Okupowane Polskie Obszary $#Obszary Okupowane w Polsce $#Volksrepublik Polen $#Polska Rosyjska $#Republic Polen $#Respublika Pol'ša $#Pol'skaja Narodnaja Respublika $#République de Pologne $#Polen Links der Weichsel $#Polska po Lewej Stronie Wisły $#Lenkija $#Polija $#Gubernija Carstva Pol'skago $#Republik Polen $74046496-9 $8Polen [Tg1] $9085129801
044K $RRelation $#Wechselbeziehung $#Beziehungen $74145198-3 $8Beziehung [Ts1] $9085577189
045R $aGeschichte 1174-2013
lok: 41767902 78
exp: 41767902 78 1 #EPN
201B/01 $010-10-17 $t16:08:27.000
201C/01 $010-10-17
201U/01 $0utf8
203@/01 $01008305820
208@/01 $a10-10-17 $be
209A/01 $a/ $f000 $x00
209A/01 $ab*p $x01
220C/01 $apgar
244Z/01 $#Generalgouvernement Polen $#Polska $#Rzeczpospolita Polska $#Polska Rzeczpospolita Ludowa $#Poland $#Pologne $#République Polonaise $#Generalne Gubernatorstwo w Polsce $#Polish People's Republic $#Polska Rzeczpospolita Polen $#PRL $#RP $#Polen Generalgouvernement $#Polska Generalgouvernement $#Besetzte Polnische Gebiete $#Besetztes Gebiet in Polen $#Okupowane Polskie Obszary $#Obszary Okupowane w Polsce $#Volksrepublik Polen $#Polska Rosyjska $#Republic Polen $#Respublika Pol'ša $#Pol'skaja Narodnaja Respublika $#République de Pologne $#Polen Links der Weichsel $#Polska po Lewej Stronie Wisły $#Lenkija $#Polija $#Gubernija Carstva Pol'skago $#Republik Polen $74046496-9 $8--Tg1--Polen $x01 $9085129801
244Z/01 $#Schlesien $#Schlesien $#Herzogtum Schlesien $#Herzogtum Schlesien Schlesien $#Provinz Schlesien $#Śla̜sk $#Slezsko $#Silesia $74052678-1 $8--Tg1--Schlesien $x02 $9085146781
247C/01 $82080>Marburg/Lahn, Herder-Institut, Forschungsbibliothek, Bibliographieportal $9336309341
| LEADER | 00000caa a2200000 c 4500 | ||
|---|---|---|---|
| 001 | 417679025 | ||
| 003 | DE-603 | ||
| 005 | 20171010224524.0 | ||
| 007 | tu | ||
| 008 | 171010s2014 xx |||| | u00||u|ger c | ||
| 035 | |a (DE-599)HEB417679025 | ||
| 040 | |a DE-603 |b ger |c DE-603 |d DE-603 |e rda | ||
| 041 | |a ger | ||
| 100 | 1 | |a Żurek, Robert |d 1970- |e Verfasser |4 aut |0 (DE-603)160482372 |0 (DE-588)130285099 |2 gnd | |
| 245 | 0 | 0 | |a Heilige Hedwig |b Ohne Ansehen von Nation und Stand |c Robert Żurek |
| 264 | 0 | |c 2014 | |
| 336 | |a Text |b txt |2 rdacontent | ||
| 337 | |a ohne Hilfsmittel zu benutzen |b n |2 rdamedia | ||
| 338 | |a Band |b nc |2 rdacarrier | ||
| 600 | 0 | 7 | |a Hedwig |c Schlesien, Herzogin, Heilige |d 1174-1243 |0 (DE-588)118547631 |0 (DE-603)086888668 |2 gnd |
| 648 | 7 | |a Geschichte 1174-2013 |2 gnd | |
| 650 | 7 | |a Schutzpatronin |0 (DE-588)4552226-1 |0 (DE-603)089492714 |2 gnd | |
| 650 | 7 | |a Heiligenverehrung |0 (DE-588)4024052-6 |0 (DE-603)08505979X |2 gnd | |
| 650 | 7 | |a Beziehung |0 (DE-588)4145198-3 |0 (DE-603)085577189 |2 gnd | |
| 651 | 7 | |a Deutschland |0 (DE-588)4011882-4 |0 (DE-603)085025550 |2 gnd | |
| 651 | 7 | |a Polen |0 (DE-588)4046496-9 |0 (DE-603)085129801 |2 gnd | |
| 700 | 1 | |a Such, Isabella |e Übersetzer |4 trl |0 (DE-603)154391085 | |
| 773 | 0 | 8 | |i Enthalten in |t Deutsch-polnische Erinnerungsorte ; 2. Geteilt, gemeinsam |d Paderborn [u.a.] : Schöningh, 2014 |h 732 S., Ill. |z 9783506773395 |g (2014), Seite 427-440 |w (DE-603)299792242 |
| 924 | 0 | |9 2080 |a (DE-603)1008305820 |b DE-2080 |c HES |d d |g / | |


